[Event "POL-chT 2nd League"]
[Site "Polanica Zdroj"]
[Date "2004.09.12"]
[Round "11.97"]
[White "Luksik, Mateusz"]
[Black "Popiolek, Hubert"]
[Result "1/2-1/2"]
[WhiteElo "2169"]
[BlackElo "2184"]
[PlyCount "90"]
[EventDate "2004.09.04"]
[EventType "team-swiss"]
[EventRounds "11"]
[EventCountry "POL"]
[SourceTitle "EXT 2019"]
[Source "ChessBase"]
[SourceDate "2018.10.10"]
[SourceVersion "1"]
[SourceVersionDate "2018.10.10"]
[SourceQuality "1"]
[WhiteTeam "Rzeszow Zelmer II"]
[BlackTeam "Krakow Korona"]
[WhiteTeamCountry "POL"]
[BlackTeamCountry "POL"]

1. e4 c5 2. Nc3 a6 3. f4 b5 4. Nf3 e6 5. g3 Bb7 6. d3 b4 7. Ne2 c4 8. Bg2 cxd3 9. cxd3 Qb6 10. Ne5 a5 11. Nc4 Qa6 12. Be3 Nf6 13. 0-0 Ng4 14. Kh1 Nxe3 15. Nxe3 Be7 16. f5 g6 17. f6 Bc5 18. Qd2 h5 19. Rac1 Bf8 20. d4 Bh6 21. Nf4 h4 22. gxh4 Nc6 23. Nc4 Na7 24. Ne5 Nb5 25. Qf2 Qd6 26. Nc4 Qxf4 27. Qxf4 Bxf4 28. Rxf4 Rc8 29. b3 Kf8 30. Rff1 Rxh4 31. Nxa5 Rxc1 32. Rxc1 Ba6 33. Rc4 Rf4 34. Rxb4 Rxf6 35. Nc4 Nxd4 36. Ne5 Nc6 37. Nxc6 dxc6 38. Rb6 Bd3 39. Rxc6 Rf2 40. Rc3 Rxa2 41. Kg1 Ba6 42. Rc7 Rb2 43. Rc6 Bb5 44. Rc3 Kg7 45. e5 Kh6 1/2-1/2

[Event "POL-chT 2nd League"]
[Site "Polanica Zdroj"]
[Date "2004.09.07"]
[Round "5"]
[White "Popiolek, Hubert"]
[Black "Gawronski, Miroslaw"]
[Result "0-1"]
[WhiteElo "2184"]
[BlackElo "2213"]
[PlyCount "48"]
[EventDate "2004.09.04"]
[EventType "team-swiss"]
[EventRounds "11"]
[EventCountry "POL"]
[SourceTitle "CBM 102 Extra"]
[Source "ChessBase"]
[SourceDate "2004.11.03"]
[SourceVersion "1"]
[SourceVersionDate "2004.11.03"]
[SourceQuality "1"]
[WhiteTeam "Krakow Korona"]
[BlackTeam "Turek Tecza"]
[WhiteTeamCountry "POL"]
[BlackTeamCountry "POL"]

1. d4 d5 2. Nf3 Nf6 3. Bg5 e6 4. Nbd2 c5 5. e3 Nc6 6. c3 h6 7. Bh4 Qb6 8. Rb1 Be7 9. Bd3 Bd7 10. Ne5 g5 11. Bg3 h5 12. h4 gxh4 13. Bxh4 Nxe5 14. dxe5 Ng4 15. Bg3 0-0-0 16. Qe2 c4 17. Bc2 Rdg8 18. Nf3 Nxe3 19. Qxe3 Qxe3+ 20. fxe3 Rxg3 21. Kf2 Rg4 22. Bd1 h4 23. Be2 Be8 24. Rh3 Rhg8 0-1

[Event "POL-chT 2nd League"]
[Site "Polanica Zdroj"]
[Date "2004.09.06"]
[Round "4"]
[White "Popiolek, Hubert"]
[Black "Walach, Marcin"]
[Result "1/2-1/2"]
[WhiteElo "2184"]
[BlackElo "2366"]
[PlyCount "46"]
[EventDate "2004.09.04"]
[EventType "team-swiss"]
[EventRounds "11"]
[EventCountry "POL"]
[SourceTitle "CBM 102 Extra"]
[Source "ChessBase"]
[SourceDate "2004.11.03"]
[SourceVersion "1"]
[SourceVersionDate "2004.11.03"]
[SourceQuality "1"]
[WhiteTeam "Krakow Korona"]
[BlackTeam "Czerwionka Gornik 23"]
[WhiteTeamCountry "POL"]
[BlackTeamCountry "POL"]

1. d4 Nf6 2. Bg5 d5 3. Nd2 e6 4. Ngf3 Be7 5. e3 h6 6. Bh4 Nbd7 7. Bd3 c5 8. c3 b6 9. Ne5 Nxe5 10. dxe5 Nd7 11. Bxe7 Qxe7 12. f4 Bb7 13. Qe2 Qh4+ 14. g3 Qe7 15. e4 c4 16. Bc2 Nc5 17. Rf1 b5 18. b4 Nxe4 19. Nxe4 dxe4 20. a4 0-0 21. a5 f5 22. exf6 Qxf6 23. Ra3 Qf5 1/2-1/2

[Event "POL-chT2 South"]
[Site "Ustron"]
[Date "2001.09.??"]
[Round "?"]
[White "Popiolek, Hubert"]
[Black "Mikhaletz, Lubomir"]
[Result "0-1"]
[WhiteElo "2170"]
[BlackElo "2485"]
[PlyCount "48"]
[EventDate "2001.09.14"]
[EventType "team-swiss"]
[EventRounds "10"]
[EventCountry "POL"]
[SourceTitle "EXT 2019"]
[Source "ChessBase"]
[SourceDate "2018.10.10"]
[SourceVersion "1"]
[SourceVersionDate "2018.10.10"]
[SourceQuality "1"]

1. d4 Nf6 2. Bg5 e6 3. Nd2 c5 4. e3 Be7 5. Ngf3 b6 6. Bd3 Bb7 7. c3 0-0 8. h4 h6 9. Bxf6 Bxf6 10. g4 cxd4 11. cxd4 Be7 12. g5 Bb4 13. a3 Bxd2+ 14. Kxd2 h5 15. Ne5 g6 16. Qc2 Bxh1 17. Rxh1 d6 18. Nxg6 fxg6 19. f4 Nd7 20. Bxg6 Rc8 21. Qe4 Qe7 22. Bxh5 d5 23. Qg6+ Kh8 24. Rd1 Rc6 0-1

[Event "POL-chT 2nd div South"]
[Site "Polanica Zdroj"]
[Date "1999.??.??"]
[Round "9"]
[White "Kasperek, Wieslaw"]
[Black "Popiolek, Hubert"]
[Result "1/2-1/2"]
[WhiteElo "2230"]
[BlackElo "2190"]
[PlyCount "24"]
[EventDate "1999.09.17"]
[EventType "team-swiss"]
[EventRounds "10"]
[EventCountry "POL"]
[SourceTitle "EXT 2001"]
[Source "ChessBase"]
[SourceDate "2000.11.22"]
[SourceVersion "1"]
[SourceVersionDate "2000.11.22"]
[SourceQuality "1"]
[WhiteTeam "POL-chT 2nd div South 16"]
[BlackTeam "POL-chT 2nd div South 08"]
[WhiteTeamCountry "POL"]
[BlackTeamCountry "POL"]

1. d4 c5 2. d5 e5 3. c4 d6 4. Nc3 Na6 5. e4 Be7 6. Nge2 Nc7 7. Ng3 g6 8. Bd3 a6 9. Qc2 Rb8 10. a4 b6 11. 0-0 Bg5 12. Bxg5 Qxg5 1/2-1/2

[Event "POL-chT 2nd div South"]
[Site "Polanica Zdroj"]
[Date "1999.??.??"]
[Round "6"]
[White "Popiolek, Hubert"]
[Black "Czerwonski, Aleksander"]
[Result "0-1"]
[WhiteElo "2190"]
[BlackElo "2397"]
[PlyCount "58"]
[EventDate "1999.09.17"]
[EventType "team-swiss"]
[EventRounds "10"]
[EventCountry "POL"]
[SourceTitle "EXT 2001"]
[Source "ChessBase"]
[SourceDate "2000.11.22"]
[SourceVersion "1"]
[SourceVersionDate "2000.11.22"]
[SourceQuality "1"]
[WhiteTeam "POL-chT 2nd div South 08"]
[BlackTeam "POL-chT 2nd div South 20"]
[WhiteTeamCountry "POL"]
[BlackTeamCountry "POL"]

1. d4 d6 2. e4 Nf6 3. Nc3 g6 4. g3 Bg7 5. Bg2 0-0 6. Nge2 e5 7. h3 Nc6 8. Be3 exd4 9. Nxd4 Bd7 10. Nde2 Re8 11. 0-0 Qc8 12. g4 h5 13. g5 Nh7 14. Kh2 b5 15. a3 a5 16. f4 Rb8 17. Nd4 Ne7 18. Qd2 c5 19. Nde2 b4 20. axb4 axb4 21. Nd1 d5 22. f5 Be5+ 23. Bf4 Qc7 24. f6 Bb5 25. fxe7 Bxe2 26. exd5 Qxe7 27. d6 Qxg5 28. d7 Bxf1 29. dxe8Q+ Rxe8 0-1

[Event "POL-chT 2nd div South"]
[Site "Polanica Zdroj"]
[Date "1999.??.??"]
[Round "1"]
[White "Popiolek, Hubert"]
[Black "Sendera, Jaroslaw"]
[Result "0-1"]
[WhiteElo "2190"]
[BlackElo "2330"]
[PlyCount "64"]
[EventDate "1999.09.17"]
[EventType "team-swiss"]
[EventRounds "10"]
[EventCountry "POL"]
[SourceTitle "EXT 2001"]
[Source "ChessBase"]
[SourceDate "2000.11.22"]
[SourceVersion "1"]
[SourceVersionDate "2000.11.22"]
[SourceQuality "1"]
[WhiteTeam "POL-chT 2nd div South 08"]
[BlackTeam "POL-chT 2nd div South 24"]
[WhiteTeamCountry "POL"]
[BlackTeamCountry "POL"]

1. d4 Nf6 2. Bg5 c5 3. Bxf6 gxf6 4. d5 Qb6 5. Qc1 Bh6 6. e3 d6 7. g3 Nd7 8. Nf3 Ne5 9. Nxe5 fxe5 10. Nd2 Bg4 11. a4 0-0-0 12. Ra3 f5 13. a5 Qc7 14. a6 b6 15. Bb5 f4 16. e4 fxg3 17. hxg3 Bg5 18. Bc6 Rdf8 19. 0-0 Bf3 20. Re1 h5 21. Rxf3 Rxf3 22. Nxf3 Bxc1 23. Rxc1 Qd8 24. Nh4 Qg8 25. Nf5 Qg5 26. Rd1 h4 27. Rd2 hxg3 28. Nxg3 Qg4 29. Kg2 Qh3+ 30. Kf3 Rf8+ 31. Ke3 Qh6+ 32. Kd3 c4+ 0-1

[Event "POL-chT 2nd div South"]
[Site "Polanica Zdroj"]
[Date "1999.??.??"]
[Round "10"]
[White "Popiolek, Hubert"]
[Black "Spisak, Czeslaw"]
[Result "0-1"]
[WhiteElo "2190"]
[BlackElo "2321"]
[PlyCount "98"]
[EventDate "1999.09.17"]
[EventType "team-swiss"]
[EventRounds "10"]
[EventCountry "POL"]
[SourceTitle "EXT 2001"]
[Source "ChessBase"]
[SourceDate "2000.11.22"]
[SourceVersion "1"]
[SourceVersionDate "2000.11.22"]
[SourceQuality "1"]
[WhiteTeam "POL-chT 2nd div South 08"]
[BlackTeam "POL-chT 2nd div South 03"]
[WhiteTeamCountry "POL"]
[BlackTeamCountry "POL"]

1. d4 Nf6 2. Bg5 Ne4 3. Bf4 c5 4. f3 Qa5+ 5. Nd2 Nxd2 6. Bxd2 Qb6 7. d5 e5 8. e4 d6 9. a4 Be7 10. a5 Qd8 11. Bb5+ Nd7 12. a6 b6 13. Ne2 0-0 14. Bc6 Rb8 15. Nc3 c4 16. Qe2 Bg5 17. Bxg5 Qxg5 18. Qd2 Qd8 19. Bb5 f5 20. 0-0 Nc5 21. Bxc4 b5 22. Bxb5 fxe4 23. fxe4 Nxe4 24. Rxf8+ Qxf8 25. Nxe4 Rxb5 26. b4 Qd8 27. c3 Qb6+ 28. Kh1 Bxa6 29. Rb1 Qc7 30. c4 Qxc4 31. Qg5 Rb8 32. Nf6+ Kh8 33. Nh5 Qc7 34. Rc1 Qf7 35. h3 h6 36. Qh4 Bb7 37. Kg1 Bxd5 38. Rf1 Qg6 39. Ng3 Re8 40. Rf2 e4 41. Qf4 Bg8 42. Nf5 d5 43. Qe3 a6 44. Rf4 Re5 45. Nh4 Qg5 46. Qd4 Kh7 47. Rg4 Qf6 48. Ng6 Rg5 49. Rxg5 Qxd4+ 0-1

[Event "POL-chT 2nd League South"]
[Site "Wisla"]
[Date "1998.??.??"]
[Round "?"]
[White "Popiolek, Hubert"]
[Black "Helaszek, Edward"]
[Result "1-0"]
[WhiteElo "2190"]
[BlackElo "2210"]
[PlyCount "125"]
[EventDate "1998.11.20"]
[EventType "team-swiss"]
[EventRounds "10"]
[EventCountry "POL"]
[SourceTitle "EXT 2000"]
[Source "ChessBase"]
[SourceDate "1999.11.16"]
[SourceVersion "1"]
[SourceVersionDate "1999.11.16"]
[SourceQuality "1"]

1. d4 Nf6 2. Bg5 g6 3. Bxf6 exf6 4. e3 Bg7 5. Ne2 0-0 6. h4 h5 7. Nf4 d5 8. c4 dxc4 9. Bxc4 Kh7 10. Nc3 Nc6 11. a3 f5 12. Kf1 a6 13. b4 Qd6 14. Nh3 Nd8 15. Ng5+ Kg8 16. f4 Re8 17. Kf2 Ne6 18. Re1 Nxg5 19. hxg5 Be6 20. Be2 f6 21. gxf6 Bxf6 22. Bf3 c6 23. Na4 Bf7 24. Qd3 Re7 25. Nb6 Rd8 26. Rad1 Qc7 27. Nc4 Red7 28. Qc2 Bd5 29. Ne5 Rg7 30. g3 Be6 31. Rh1 Bxe5 32. dxe5 Rgd7 33. Rxd7 Rxd7 34. Rd1 Qd8 35. Rxd7 Qxd7 36. Qd1 Qe7 37. e4 Kf7 38. Ke3 a5 39. Qd4 axb4 40. axb4 h4 41. exf5 gxf5 42. Qc5 Qxc5+ 43. bxc5 hxg3 44. Bh5+ Ke7 45. Bg6 Bd7 46. Bh5 Be6 47. Kf3 Bd5+ 48. Kxg3 Ke6 49. Kh4 Be4 50. Kg5 Bd3 51. Bg6 Bc2 52. Bh7 Bd3 53. Bg8+ Ke7 54. Kh4 Be4 55. Bb3 Bb1 56. Kg3 Be4 57. Kf2 Bb1 58. Ke3 Be4 59. Kd4 Kd7 60. Kc3 Ke7 61. Bc4 Bf3 62. Bd3 Bg4 63. Kb4 1-0

[Event "POL-chT 2nd League South"]
[Site "Wisla"]
[Date "1998.??.??"]
[Round "?"]
[White "Popiolek, Hubert"]
[Black "Kasperek, Ryszard"]
[Result "1/2-1/2"]
[WhiteElo "2190"]
[BlackElo "2300"]
[PlyCount "88"]
[EventDate "1998.11.20"]
[EventType "team-swiss"]
[EventRounds "10"]
[EventCountry "POL"]
[SourceTitle "EXT 2000"]
[Source "ChessBase"]
[SourceDate "1999.11.16"]
[SourceVersion "1"]
[SourceVersionDate "1999.11.16"]
[SourceQuality "1"]

1. d4 Nf6 2. Bg5 c5 3. d5 Ne4 4. Bf4 Qb6 5. Qc1 g5 6. Be5 f6 7. Bxb8 Rxb8 8. f3 Nd6 9. e4 g4 10. Na3 Rg8 11. c3 gxf3 12. gxf3 Rg6 13. Ne2 Bh6 14. Qc2 Qa5 15. Ng3 b5 16. e5 fxe5 17. Bd3 Rg8 18. 0-0 c4 19. Be2 Nf5 20. Kh1 Nxg3+ 21. hxg3 Rg7 22. Kg2 Bf4 23. Rh1 h6 24. g4 Qb6 25. Qf5 Qg6 26. Qc2 Rb6 27. Kf1 Bb7 28. Rd1 Qf7 29. b3 cxb3 30. axb3 Be3 31. Qe4 Qf4 32. Qxf4 Bxf4 33. Bxb5 e4 34. fxe4 Bd6 35. b4 a5 36. bxa5 Ra6 37. Nc4 Bf4 38. e5 Kd8 39. e6 Rxg4 40. Rg1 Rxg1+ 41. Kxg1 Ra7 42. exd7 Ba6 43. Bxa6 Rxa6 44. Rf1 Bc7 1/2-1/2

[Event "Katowice op"]
[Site "Katowice"]
[Date "1992.??.??"]
[Round "1"]
[White "Popiolek, Hubert"]
[Black "Bykhovsky, Avigdor"]
[Result "0-1"]
[WhiteElo "2240"]
[BlackElo "2475"]
[PlyCount "52"]
[EventDate "1992.01.28"]
[EventType "swiss"]
[EventRounds "9"]
[EventCountry "POL"]
[SourceTitle "TD"]
[Source "ChessBase"]
[SourceDate "1994.03.01"]
[SourceVersion "1"]
[SourceVersionDate "1994.03.01"]
[SourceQuality "1"]

1. d4 d5 2. Nf3 c6 3. e3 f5 4. c4 e6 5. Bd3 Nf6 6. Ne5 Nbd7 7. cxd5 cxd5 8. f4 Bd6 9. 0-0 0-0 10. b3 Ne4 11. Rf3 Ndf6 12. Rh3 Bd7 13. Qe1 Rc8 14. Bb2 Rc7 15. Na3 a6 16. Rd1 Qe7 17. Nb1 Rfc8 18. Qh4 h6 19. Nxd7 Qxd7 20. Rf3 Qe8 21. Qe1 g5 22. fxg5 Nxg5 23. Qh4 Nxf3+ 24. gxf3 Rg7+ 25. Kh1 Qg6 26. Qh3 Kh8 0-1